书目信息 |
| 题名: |
毛泽东传
|
|
| 作者: | 威尔逊 著 ;中共中央文献研究室《国外研究毛泽东思想资料选辑》编辑组 编译 | |
| 分册: | ||
| 出版信息: | 北京 国际文化出版公司 2011.07 |
|
| 页数: | 429页 | |
| 开本: | 24cm | |
| 丛书名: | 军政馆 | |
| 单 册: | ||
| 中图分类: | A751 | |
| 科图分类: | ||
| 主题词: | ||
| 电子资源: | ||
| ISBN: | 978-7-5125-0235-2 | |
| 000 | 01255oam2 2200301 450 | |
| 001 | 010700109806 | |
| 005 | 20120612084401.43 | |
| 010 | @a978-7-5125-0235-2@dCNY45.00 | |
| 100 | @a20110811d2011 em y0chiy50 ea | |
| 101 | 1 | @achi@ceng |
| 102 | @aCN@b110000 | |
| 105 | @af z 000yb | |
| 106 | @ar | |
| 200 | 1 | @a毛泽东传@9mao ze dong zhuan@dA biography of Mao Tse-tung@f(英)迪克·威尔逊(Dick Wilson)著@g中共中央文献研究室《国外研究毛泽东思想资料选辑》编辑组编译@zeng |
| 210 | @a北京@c国际文化出版公司@d2011.07 | |
| 215 | @a429页@c照片@d24cm | |
| 225 | 2 | @a军政馆@i皮波人物@v159 |
| 308 | @a丛书29 | |
| 330 | @a本书作者精心研究了大量最新的文献资料、完整、准确、生动地再现了毛泽东这位历史人物的本来面貌,并对其功过是非做出令人信服的评说。 | |
| 462 | 0 | @12001 @a军政馆@i皮波人物@v159 |
| 510 | 1 | @aBiography of Mao Tse-tung@zeng |
| 600 | 0 | @a毛泽东@f(1893-1976)@x传记 |
| 600 | 0 | @a毛泽东@f(1893-1976) |
| 690 | @aA751@v4 | |
| 701 | 0 | @c(英)@a威尔逊@9wei er xun@c(Wilson, Dick)@4著 |
| 712 | 02 | @a中共中央文献研究室《国外研究毛泽东思想资料选辑》编辑组@9zhong gong zhong yang wen xian yan jiu shi《guo wai yan jiu mao ze dong si xiang zi liao xuan ji》bian ji zu@4编译 |
| 801 | 0 | @aCN@bRENTIAN@c20110811 |
| 905 | @b539413-17@dA751@e204@f5 | |
| 毛泽东传=A biography of Mao Tse-tung/(英)迪克·威尔逊(Dick Wilson)著/中共中央文献研究室《国外研究毛泽东思想资料选辑》编辑组编译.-北京:国际文化出版公司,2011.07 |
| 429页:照片;24cm.-(军政馆.皮波人物;159) |
| ISBN 978-7-5125-0235-2:CNY45.00 |
| 本书作者精心研究了大量最新的文献资料、完整、准确、生动地再现了毛泽东这位历史人物的本来面貌,并对其功过是非做出令人信服的评说。 |
| ● |
| 相关链接 |
|
|
|
|
正题名:毛泽东传
索取号:A751/204
 
预约/预借
| 序号 | 登录号 | 条形码 | 馆藏地/架位号 | 状态 | 备注 |
| 1 | 539413 | 205394134 | 第一样本阅览室/ [索取号:A751/204] | 在馆 | |
| 2 | 539414 | 205394143 | 第一借阅区/ [索取号:A751/204] | 在馆 | |
| 3 | 539415 | 205394152 | 第一借阅区/ [索取号:A751/204] | 在馆 | |
| 4 | 539416 | 205394161 | 第一借阅区/ [索取号:A751/204] | 在馆 | |
| 5 | 539417 | 205394170 | 第一借阅区/ [索取号:A751/204] | 在馆 |